| 000 | 00399nam a22001337a 4500 | ||
|---|---|---|---|
| 999 |
_c18755 _d18755 |
||
| 008 | 240125b ||||| |||| 00| 0 eng d | ||
| 020 | _a9781984821775 | ||
| 082 |
_22023 _aDFic _bSt321 |
||
| 100 |
_aSteel, Danielle. _941707 |
||
| 245 |
_aThe wedding planner/ _cDanielle Steel. |
||
| 260 |
_aNew York : _bDelacorte Press, _c©2023. |
||
| 300 |
_a267 pages : _billustrations ; _c24 cm. |
||
| 942 |
_2ddc _cDFIC |
||